Movies Quiz

Random Movies or Actor Quiz

Actors' Movies by Topic Quiz Stats

 Plays Quiz Updated May 3, 2016

Also try: IMDb Movie Genres
Challenge
Share
Tweet
Embed
Score 0/36 Timer 08:00
16 Plays Today
Genre Movie % Correct
Time TravelBack to the Future
91.3%
Vietnam WarGood Morning, Vietnam
90.5%
PrisonThe Shawshank Redemption
87.4%
BoxingMillion Dollar Baby
87.2%
PrisonThe Green Mile
87.2%
World War 2Saving Private Ryan
85.8%
Post-ApocalypticI Am Legend
82.7%
BoxingRaging Bull
80.3%
WesternDjango Unchained
79%
Vietnam WarPlatoon
78.6%
Vietnam WarApocalypse Now
77.2%
Alien InvasionIndependence Day
77%
Post-ApocalypticWaterworld
75.6%
BoxingThe Fighter
73.7%
VampireInterview with the Vampire
73.2%
Post-ApocalypticMad Max: Fury Road
66.5%
Alien InvasionSigns
66.1%
VampireDracula
65.7%
Genre Movie % Correct
Time TravelThe Terminator
64.7%
BoxingCinderella Man
63.3%
Vietnam WarThe Deer Hunter
62.4%
Alien InvasionMars Attacks!
60.5%
Time TravelThe Butterfly Effect
60.4%
VampireUnderworld
59.4%
PrisonCool Hand Luke
54.2%
Post-ApocalypticThe Book of Eli
53.6%
WesternUnforgiven
52.7%
Time Travel12 Monkeys
48%
Western3:10 to Yuma
47.6%
PrisonEscape from Alcatraz
43.5%
VampireFrom Dusk till Dawn
42.2%
World War 2The Thin Red Line
39.4%
Alien InvasionEdge of Tomorrow
39.4%
World War 2Enemy at the Gates
34.7%
WesternThe Quick and the Dead
34.2%
World War 2Inglourious Basterds
30.1%

You're not logged in!

Compare scores with friends on all Sporcle quizzes.
Join for Free
OR
Log In

You Might Also Like...

Show Comments

Extras

Top Quizzes Today


Score Distribution

Your Account Isn't Verified!

In order to create a playlist on Sporcle, you need to verify the email address you used during registration. Go to your Sporcle Settings to finish the process.

Report this User

Report this user for behavior that violates our Community Guidelines.

Details: